| 000 | 00840nam a22001815i 4500 | ||
|---|---|---|---|
| 001 | 171248 | ||
| 003 | ES-MaACL | ||
| 005 | 20251012063100.0 | ||
| 008 | 090506s1873 sp |||| | spa d | ||
| 100 | 1 |
_aGarcía Santisteban, Rafael, _d1829-1893 _9140041 |
|
| 245 | 1 | 1 |
_a¿República ó monarquía? _b: problema político-casero en un acto y en verso / _coriginal de Rafael García y Santisteban. |
| 250 | _a2ª ed. | ||
| 260 |
_aMadrid : _b[Alonso Gullon], _c1873 ( _fImp. de José Rodríguez) |
||
| 300 |
_a23 p. ; _c18 cm. |
||
| 500 | _aEn port.: Estrenado en el Teatro de la Zarzuela en Enero de 1869... | ||
| 852 |
_aES-MaACL _jF-8594(3) _z.- Enc. pasta española _q.- Falto de la cub. original _z.- Enc. en un vol. facticio formando parte de la col. facticia "Teatro español moderno", vol. 47 |
||
| 999 |
_c171248 _d171248 |
||